Eating in the city (Record no. 11177)
[ view plain ]
| 000 -LEADER | |
|---|---|
| fixed length control field | 00615nam a2200121Ia 4500 |
| 008 - FIXED-LENGTH DATA ELEMENTS--GENERAL INFORMATION | |
| fixed length control field | 220615s9999||||xx |||||||||||||| ||und|| |
| 245 #0 - TITLE STATEMENT | |
| Title | Eating in the city |
| Remainder of title | Socio-anthropological perspectives from Africa, Latin America and Asia |
| 546 ## - LANGUAGE NOTE | |
| Language note | English[eng] |
| 650 ## - SUBJECT ADDED ENTRY--TOPICAL TERM | |
| Topical term or geographic name entry element | Africa, food, Latin America, anthropology, Asia, sociology, nutrition, behavior, inhabitants, Latin America,population |
| 700 ## - ADDED ENTRY--PERSONAL NAME | |
| Personal name | Hassoun, Jean-Pierre||Manley, Davidsoula, audrey||Yount-André, Chelsie||LEPILLER, Olivier||Bricas, Nicolas |
| 856 ## - ELECTRONIC LOCATION AND ACCESS | |
| Uniform Resource Identifier | <a href="https://library.oapen.org/bitstream/20.500.12657/46132/1/9782759232826.pdf">https://library.oapen.org/bitstream/20.500.12657/46132/1/9782759232826.pdf</a> |
| 942 ## - ADDED ENTRY ELEMENTS (KOHA) | |
| Koha item type | E-Books |
| Withdrawn status | Lost status | Damaged status | Not for loan | Home library | Current library | Date acquired | Total Checkouts | Date last seen | Price effective from | Koha item type |
|---|---|---|---|---|---|---|---|---|---|---|
| Kerala University of Digital Sciences, Innovation and Technology Knowledge Centre | Kerala University of Digital Sciences, Innovation and Technology Knowledge Centre | 15/06/2022 | 15/06/2022 | 15/06/2022 | E-Books |